| 000 | 01713nam a22004697a 4500 | ||
|---|---|---|---|
| 001 | 000102884 | ||
| 003 | CHAP | ||
| 005 | 20220329143619.0 | ||
| 008 | 100930s2009 mx r 00010 spa d | ||
| 010 | _a99347 | ||
| 011 | _a100319 | ||
| 035 | _a111005 | ||
| 040 | _cCHAP | ||
| 090 | _aTesis | ||
| 100 | 1 |
_aFernández Fernández, Oscar. _940180 |
|
| 245 | 1 | 4 |
_aLos hongos micorrizicos arbusculares en la fitoextracción de zinc por viola calaminaria / _c/por Oscar Fernández Fernández. |
| 260 |
_aChapingo, Méx. : _bEl autor, _c2009. |
||
| 300 |
_aii, 89 h. : _bilus., gráfs. ,. |
||
| 502 | _aTesis (Ing. Agr. Esp. en Suelos) -- UACH. Departamento de Suelos | ||
| 530 | _atambièn disponible en lìnea | ||
| 590 |
_aALEPH _b10 _c20130110 _lUCH01 _h1536 |
||
| 590 |
_aBATCH-UPD _b10 _c20130110 _lUCH01 _h0917 |
||
| 590 |
_aBATCH-UPD _b10 _c20130410 _lUCH01 _h0540 |
||
| 590 |
_aBATCH-UPD _b10 _c20130914 _lUCH01 _h1339 |
||
| 590 |
_aBATCH-UPD _b10 _c20140324 _lUCH01 _h1519 |
||
| 590 |
_aBATCH-UPD _b10 _c20141002 _lUCH01 _h0844 |
||
| 590 |
_aCONVERSION _b10 _c20130109 _lUCH01 _h1355 |
||
| 590 |
_aE11695DGD _b10 _c20141006 _lUCH01 _h1055 |
||
| 590 |
_aE11695DGD _b10 _c20141006 _lUCH01 _h1055 |
||
| 650 | 1 | 4 |
_aExtracción (Química) _939212 |
| 650 | 1 | 4 |
_aHidroponía. _955280 |
| 650 | 1 | 4 |
_aHongos en suelos. _956130 |
| 650 | 1 | 4 |
_aMateria seca. _972933 |
| 650 | 1 | 4 |
_aMicorriza. _975486 |
| 650 | 1 | 4 |
_aZinc en plantas. _9124069 |
| 856 |
_3Fiding aid _uhttp://10.13.5.2/111005.pdfT _zTeclea aquí |
||
| 901 | _aBK | ||
| 942 | _cFOLL | ||
| 942 | _n0 | ||
| 949 |
_aTesis _bBC _cTES _d33724002115777 _eTS2 _fc.2 _gDonaciØn _h51097 _i111005 _st |
||
| 949 |
_aTesis _bBC _cTES _d33724002115884 _eTS1 _gDonaciØn _h51096 _i111005 _st |
||
| 999 |
_c99347 _d99347 |
||